Menanti hujan

Bibliographic Details
Main Author: Najmah Ahmad Tarmizi
Other Authors: Mali Jaafar (Illustrator)
Format: Book
Published: Kuala Lumpur : Creative Enterprise , 1993
Series:Novel remaja creative
Subjects:

MARC

LEADER 00000cam a2200000 7i4500
001 0000003574
002 000003847
005 20000330.0
020 |a 9838930997 
090 0 0 |a F   |b NAJ 
100 0 |a Najmah Ahmad Tarmizi 
245 1 0 |a Menanti hujan   |c Najmah Ahmad Tarmizi 
260 |a Kuala Lumpur :   |b Creative Enterprise ,   |c 1993 
300 |a 124 p. ;   |c 17 cm. 
490 0 |a Novel remaja creative 
650 0 0 |a General fiction, Malay 
700 0 |a Mali Jaafar ,   |e ill 
999 |a 031785   |b BUKU   |c PINJAMAN   |e PERPUSTAKAAN KOMUNITI PETALING JAYA 
999 |a 031786   |b BUKU   |c PINJAMAN   |e PERPUSTAKAAN KOMUNITI PETALING JAYA 
999 |a 031787   |b BUKU   |c YOUTH FICTION   |e PERPUSTAKAAN KOMUNITI PETALING JAYA 
999 |a 039587   |b BUKU   |c PINJAMAN   |e PERPUSTAKAAN KOMUNITI PETALING JAYA 
999 |a 039588   |b BUKU   |c PINJAMAN   |e PERPUSTAKAAN KOMUNITI PETALING JAYA 
999 |a a031785   |b BUKU   |c YOUTH FICTION   |e PERPUSTAKAAN KOMUNITI PETALING JAYA 
999 |a a031786   |b BUKU   |c YOUTH FICTION   |e PERPUSTAKAAN KOMUNITI PETALING JAYA